Quizzes
Events
Quiz Creation
Community
Videos
Private Events
Remove Ads
Sign In
Join for FREE
Feedback
Dark Mode
Quiz Categories
Sports
Geography
Music
Movies
Television
Just For Fun
Miscellaneous
History
Literature
Language
Science
Gaming
Entertainment
Religion
Holiday
For Kids
Quiz Lab
Recent
Popular Today
Quiz Kudos Today
Editor Picks
Curator Picks
Quizzes by...
Day
Popularity
Type
Ratings
Length
Year
Community
Subscriptions
Recent Discussions
Orange Saloon
Badges
Playlists
Quests
Create
Leaderboards
Showdown
Live 5
Trivia Bingo
Activity
Puzzle Library
Sporcle Events
Private Events
Virtual Trivia
Globe League
Become a Host
Pub Owners
SporcleCon
Opinionation
Our Games
Videos
Blog
Mobile Apps
Partnerships
Remove Ads and Go Orange
Feedback
Sports
Athletes
MLB
NBA
NHL
NFL
Soccer
Sports Teams
WWE
NCAA
Football
Premier League
Basketball
Baseball
Hockey
Golf
Tennis
Cricket
Rugby
Auto Racing
Olympics
World Cup
Sports
Athletes
MLB
NBA
NHL
NFL
Soccer
Sports Teams
WWE
NCAA
Football
Premier League
Basketball
Baseball
Hockey
Golf
Tennis
Cricket
Rugby
Auto Racing
Olympics
World Cup
Random Quiz
Search Sporcle
×
Quiz Lab
Quiz Lab
Sports
Scottish Football
Type in answers that appear in a list
Type in answers that appear in a list
Classic
Best Score? Go Orange.
Scottish Premier League XIs 2007-08 Stats
Can you name the Scottish Premier League XIs 2007-08?
By
culverhouse
20m
132 Questions
76 Plays
76 Plays
76 Plays
Comments
Comments
Give Quiz Kudos
Give Quiz Kudos
-
- Ratings
hide this ad
Replay
Link that replays current quiz
Next Quiz
Link to next quiz in quiz playlist
You Got
0%
They Got
Avg Score
49%
Avg Friend Score
Upgrade to see
Score Distribution
Jump to the score distribution portion of the page
Score
0/132
Timer
20:00
0
Plays Today
% Correct
Artur Boruc
94.7%
Scott McDonald
92.1%
Michael Hart
90.8%
Scott Brown
90.8%
Paul Hartley
89.5%
Allan McGregor
89.5%
Kris Boyd
88.2%
David Weir
88.2%
Stephen McManus
86.8%
Gary Caldwell
82.9%
Shunsuke Nakamura
82.9%
Lee Miller
81.6%
Barry Robson
81.6%
Barry Ferguson
81.6%
Kevin Thomson
80.3%
Steven Whittaker
80.3%
Jamie Smith
77.6%
Graeme Smith
77.6%
Wallace Smith
77.6%
Saša Papac
77.6%
Jan Vennegoor of Hesselink
76.3%
Jamie Langfield
75%
Aiden McGeady
75%
Lee Naylor
73.7%
Daniel Cousin
71.1%
Alan Hutton
71.1%
Lee McCulloch
67.1%
Rob Jones
65.8%
Ian Black
63.2%
David Murphy
63.2%
Ross Tokely
61.8%
Alan Combe
61.8%
Garry Hay
61.8%
Keith Lasley
61.8%
Carlos Cuéllar
61.8%
Chris Clark
60.5%
Steven Fletcher
60.5%
Zander Diamond
59.2%
Mark Kerr
59.2%
Stephen Craigan
59.2%
Brian Kerr
59.2%
Robbie Neilson
57.9%
Craig Barr
57.9%
Michael Higdon
57.9%
% Correct
Darren Barr
57.9%
Andy Considine
56.6%
Scott Severin
56.6%
Massimo Donati
56.6%
James Fowler
56.6%
Hugh Murray
56.6%
Paul Murray
56.6%
Darren Dods
55.3%
Noel Hunt
55.3%
Grant Munro
53.9%
Lee Wilkie
52.6%
Michael Stewart
52.6%
Christophe Berra
51.3%
Marius Žaliūkas
50%
Colin Nish
50%
Séan Dillon
48.7%
Morgaro Gomis
48.7%
Andrew Driver
48.7%
Kenny Deuchar
48.7%
Prince Buaben
47.4%
Dennis Wyness
47.4%
Stephen Hughes
47.4%
Merouane Zemmama
47.4%
Derek Young
46.1%
Steve Banks
46.1%
David Clarkson
46.1%
Chris Hogg
46.1%
Barry Nicholson
44.7%
David van Zanten
44.7%
Ricky Foster
43.4%
Christian Nadé
43.4%
Jamie Hamill
43.4%
Mark Reynolds
43.4%
Ross McCormack
43.4%
Billy Mehmet
43.4%
Scott Arfield
43.4%
Willo Flood
42.1%
Richard Hastings
42.1%
Yves Ma-Kalambay
42.1%
Kevin McCann
42.1%
Guillaume Beuzelin
42.1%
Gary Fleming
42.1%
Gavin Skelton
42.1%
Tim Krul
42.1%
% Correct
Jack Ross
42.1%
Michael Fraser
39.5%
John Potter
39.5%
Roy McBain
38.2%
Gary Wales
38.2%
Paul Quinn
38.2%
Jim Paterson
38.2%
Chris Innes
38.2%
Russell Duncan
36.8%
Fabián Yantorno
36.8%
Marius Niculae
35.5%
Don Cowie
34.2%
David Lilley
34.2%
Lewis Stevenson
34.2%
Pedro Moutinho
34.2%
Tam Scobbie
34.2%
Christian Kalvenes
32.9%
Danny Invincibile
32.9%
Steve McGarry
32.9%
Eggert Jónsson
31.6%
Simon Ford
31.6%
Chris Porter
31.6%
Patrick Cregg
31.6%
Phil McGuire
30.3%
Will Haining
28.9%
Abdul Osman
27.6%
Kenny Milne
27.6%
Gary Mason
25%
Aurélien Collin
25%
José Gonçalves
23.7%
Mehdi Taouil
22.4%
Craig Bryson
19.7%
Mark Corcoran
17.1%
Gerard Aafjes
17.1%
Stewart Kean
15.8%
Franco Miranda
14.5%
Rubén Palazuelos
13.2%
Graham Barrett
13.2%
David Barron
11.8%
Filipe Morais
9.2%
Nicky Deverdics
7.9%
Kyle Naughton
7.9%
Grzegorz Szamutolski
5.3%
Audrius Kšanavičius
5.3%
Quiz Playlist
Details
Report
Send in Message
Add To Playlist
Classic:
Type in answers that appear in a list
Quiz Source
Last Updated: Jul 22, 2021
Quiz Scoreboard
CHALLENGE
Sign Up to Join the Scoreboard
Show All
Scores
Hide
Comments
May contain spoilers
Recently Published
An Introduction to Baseball
by treessimontrees
Sports
5m
Movies - When Are They Set?
by FPL_Elf
Movies
5m
Popular People in 1961
by mucciniale
History
6m
More to Explore
Quiz From the Vault
Featured Blog Post
Where Did the Easter Bunny Come From?
hide this ad
You Might Also Like...
Tags
2007-2008
Scottish Football
Scottish Premier
Today's Top Quizzes in Sports
Browse Sports
hide this ad
Today's Top Quizzes in Scottish Football
Browse Scottish Football
Top Contributed Quizzes in Sports
1
Les meilleurs buteurs des matchs entre le PSG et l’OM
2
2022 World Cup Stars
3
FIFA Club World Cup Champions
4
Les entraîneurs de l'OM et du PSG au 21e siècle
5
Name the Premier League winners with different clubs
6
La finale Lions - Afrique du Sud 2021
7
Criteria MLB: Left Handed Sluggers
8
Les joueurs passés par le LOSC et le RC Lens
9
Players with Multiple 50 Home Run Seasons
10
MLB Players with Two .350 Batting Average Seasons
Explore More
Trending Topics
Crossword
NBA
Harry Potter
Anime
Disney
Kpop
Marvel
WWE
Soccer
NFL
The Office
Song
Country
Pokémon
Puzzle
hide this ad
More By:
culverhouse
Quiz
Plays
Rating
Category
Featured
Created
Top XIs: Scotland (1980s/1990s)
7,010
5.00
Sports
Apr 1, 2016
FA Premier League XIs 2016-17
6,451
4.70
Sports
May 23, 2017
Top XIs: Liverpool (1980s)
6,066
5.00
Sports
Jul 1, 2016
Top XIs: Manchester United (1980s)
5,949
5.00
Sports
Jul 1, 2016
UEFA Champions League last 16 XIs 2018-19
5,531
4.89
Sports
Jun 1, 2019
Go to Creator's Profile
Score Distribution
Quiz Creator Spotlight
culverhouse
Follow
Send a Message
Quizzes Created
-
Created Quiz Play Count
-
More By This Creator
Popular Quizzes Today
1
Find the Countries of Europe - No Outlines Minefield
2
Find the US States - No Outlines Minefield
3
The Countries of the World
4
Popular People in 1961
5
US States
6
1-10 Letter E Words III
7
Find the US States
8
One Thing in Common: World Cities II
More Sports Quizzes
NHL MVP Reveal IX
Quiz Lab
Trending Quizzes
Risky Map Clicking: Least Populous States A-Z
1-10 Letter F Words
1-10 Letter G Words
One Thing in Common: United Kingdom
Risky Map Clicking: Next State Alphabetically
Recently Updated
Leaping Animals
pecheneg
Reality TV Shows (A-Z)
bhenderson79
Rickey Henderson's Hall of Fame Teammates
pecheneg
Champions League XIs: Arsenal
pecheneg
Quick Pick: Celebrities in WWE's Hall of Fame
aduchscher
A-Z Keypad Blitz II
pecheneg
Multiple Oscar Actors
pecheneg
Mystery Phrase Blitz: Oscar 'Best Actors'
pecheneg
F. Scott Fitzgerald Novels
LTH
Pick 3 Villains
ddd62291
Trending Topics
NBA
Kpop
Anime
Harry Potter
Crossword
Marvel
Disney
Soccer
Pokémon
Country
NFL
WWE
Song
Puzzle
The Office
Your Account Isn't Verified!
In order to create a playlist on Sporcle, you need to verify the email address you used during registration. Go to your
Sporcle Settings
to finish the process.
Report this User
Report this user for behavior that violates our
Community Guidelines
.
Details:
Send Report
Go to the Sporcle.com Mobile Site →
Comments